Statistics for Random FIFA Members by Badge

Click here to take the quiz!

General Stats

  • This quiz has been taken 86 times
  • The average score is 16 of 20

Answer Stats

Answer% Correct
Albania
100%
Algeria
100%
Andorra
100%
Angola
100%
Argentina
100%
Australia
100%
Austria
100%
Bahrain
100%
Barbados
100%
Belarus
100%
Belgium
100%
Belize
100%
Bhutan
100%
Bolivia
100%
Bosnia & Herzegovina
100%
British Virgin Islands
100%
Burkina Faso
100%
Burundi
100%
Cambodia
100%
Cameroon
100%
Canada
100%
Central African Republic
100%
Chad
100%
China
100%
Chinese Taipei
100%
Colombia
100%
Comoros
100%
Croatia
100%
Cuba
100%
Curaçao
100%
Czech Republic
100%
Denmark
100%
Dominica
100%
Ecuador
100%
Egypt
100%
El Salvador
100%
Equatorial Guinea
100%
Eritrea
100%
Ethiopia
100%
Fiji
100%
Finland
100%
France
100%
Gabon
100%
Georgia
100%
Germany
100%
Greece
100%
Guinea
100%
Guyana
100%
Haiti
100%
Honduras
100%
Hong Kong
100%
Iceland
100%
Indonesia
100%
Iran
100%
Iraq
100%
Ireland
100%
Israel
100%
Italy
100%
Ivory Coast
100%
Jordan
100%
Kazakhstan
100%
Kuwait
100%
Laos
100%
Lebanon
100%
Liberia
100%
Libya
100%
Lithuania
100%
Malawi
100%
Mali
100%
Moldova
100%
Montserrat
100%
Morocco
100%
Mozambique
100%
Namibia
100%
Nepal
100%
Netherlands
100%
New Zealand
100%
Northern Ireland
100%
North Korea
100%
Norway
100%
Oman
100%
Palestine
100%
Panama
100%
Papua New Guinea
100%
Peru
100%
Poland
100%
Portugal
100%
Rep. Congo
100%
Rwanda
100%
Saint Vincent and the Grenadines
100%
San Marino
100%
São Tomé and Príncipe
100%
Saudi Arabia
100%
Serbia
100%
Seychelles
100%
Sierra Leone
100%
South Africa
100%
South Korea
100%
South Sudan
100%
Spain
100%
Sri Lanka
100%
Sudan
100%
Suriname
100%
Sweden
100%
Tanzania
100%
Togo
100%
Trinidad and Tobago
100%
Tunisia
100%
Turkey
100%
Ukraine
100%
Uruguay
100%
U.S. Virgin Islands
100%
Vanuatu
100%
Vietnam
100%
Wales
100%
Zambia
100%
Zimbabwe
100%
Mauritania
86%
Venezuela
83%
Aruba
80%
Costa Rica
80%
Qatar
80%
Saint Lucia
80%
Anguilla
75%
Jamaica
75%
Liechtenstein
75%
Madagascar
75%
Montenegro
75%
Scotland
75%
Senegal
75%
Yemen
75%
American Samoa
67%
Brazil
67%
Djibouti
67%
Hungary
67%
Malta
67%
Nicaragua
67%
Russia
67%
Thailand
63%
Estonia
60%
Uzbekistan
57%
Afghanistan
50%
Azerbaijan
50%
Bangladesh
50%
Benin
50%
Bermuda
50%
DR Congo
50%
Ghana
50%
India
50%
Luxembourg
50%
Macau
50%
New Caledonia
50%
Nigeria
50%
Pakistan
50%
Paraguay
50%
Philippines
50%
Puerto Rico
50%
Singapore
50%
Slovenia
50%
Switzerland
50%
Tonga
50%
Turkmenistan
50%
Uganda
50%
United Arab Emirates
50%
United States
50%
Cayman Islands
40%
Myanmar
40%
Antigua and Barbuda
33%
East Timor
33%
Eswatini
33%
Grenada
33%
Lesotho
33%
Tahiti
33%
Faroe Islands
25%
Gibraltar
25%
Maldives
25%
Armenia
0%
Bahamas
0%
Botswana
0%
Brunei
0%
Bulgaria
0%
Cape Verde
0%
Chile
0%
Cook Islands
0%
Cyprus
0%
Dominican Republic
0%
England
0%
Gambia
0%
Guam
0%
Guatemala
0%
Guinea-Bissau
0%
Japan
0%
Kenya
0%
Kosovo
0%
Kyrgyzstan
0%
Latvia
0%
Malaysia
0%
Mauritius
0%
Mexico
0%
Mongolia
0%
Niger
0%
North Macedonia
0%
Romania
0%
Saint Kitts and Nevis
0%
Samoa
0%
Slovakia
0%
Solomon Islands
0%
Somalia
0%
Syria
0%
Tajikistan
0%
Turks and Caicos Islands
0%

Score Distribution

Percentile by Number Answered

Percent of People with Each Score

Your Score History

You have not taken this quiz